Najlepsi strzelcy w historii Bayernu Monachium - Statystyki

Ogólne statystyki
  • Ten quiz został rozwiązany 111 razy
  • Średni wynik to 6 z 17
Statystyki odpowiedzi
Nazwisko Liczba Goli % Poprawnych
Lewandowski 344
99%
Muller 568
98%
Muller 237
98%
Ribery 124
64%
Robben 144
62%
Gomez 113
43%
Pizarro 125
26%
Matthaus 100
21%
Rummenigge 217
21%
Elber 139
20%
Hoenes 145
10%
Breitner 110
7%
Scholl 117
6%
Brenninger 137
4%
Ohlhauser 223
4%
Wohlfarth 156
4%
Hoeneb 112
1%
Nie znaleziono quizów pasujących do podanych kryteriów
Rozkład punktacji
Procent ludzi z każdym wynikiem
Percentyl według liczby udzielonych odpowiedzi
Twoja historia wyników
Nie rozwiązałeś tego quizu